| 000 | 00340nam a2200109Ia 4500 | ||
|---|---|---|---|
| 008 | 230907s9999||||xx |||||||||||||| ||und|| | ||
| 082 | _a621.312136,ELE | ||
| 245 | 0 | _aElectrical drives for direct drive renewable energy systems / | |
| 260 |
_aWoodhead Publishing, _bOxford ; | Philadelphia : _c2013 |
||
| 300 | _axv, 264 pages : | ||
| 942 | _cBK | ||
| 999 |
_c597793 _d597793 |
||